000 01163nam0a22003131 4500
001 rc\3654534
005 20250610055227.0
021 _aRU
_b73-49298
021 _aRU
_bРг10259-73
035 _a(NLR Aleph) 007736242
090 _a7109303
_c7109303
100 _a20130115d1973 |||y0rusy50 ca
101 0 _arus
102 _aRU
105 _aa z |||||
200 1 _aМетодика приготовления тонких фольг серебра для трансмиссионной электронной микроскопии
210 _aЧерноголовка
_cБ. и.
_d1973
215 _a2 с.
_cил.
_d21
225 1 _aАН СССР. Институт физики твердого тела. Препринт
300 _aПеред загл. авт.: М.М. Мышляев, С.С. Олевский, И.М. Аристова
320 _aБиблиогр.: с. 2
700 1 _aМышляев
_bМ.М.
_gМихаил Михайлович
701 1 _aОлевский
_bС.С.
701 1 _aАристова
_bИ.М.
801 0 _aRU
_bNLR
_gpsbo
801 1 _aRU
_bELAR
_2rusmarc
852 _aNLR
_j73-6/5876
942 _cBOOK
980 _aNB